NCAAM DII Basketball Logo Quiz: RMAC - Statistics

General Stats
  • This quiz has been taken 23 times
  • The average score is 8 of 15
Answer Stats
Picture Answer % Correct
Adams St.
75%
Colorado School of Mines
75%
Colorado St.-Pueblo
75%
Black Hills St.
67%
Chadron St.
67%
Colorado Christian
67%
Colorado Mesa
58%
Western Colorado
58%
Fort Lewis
50%
New Mexico Highlands
50%
Regis
50%
Colorado-Colorado Springs
42%
Westminster
42%
MSU Denver
33%
South Dakota School of Mines & Tech
25%
No matching quizzes found
Score Distribution
Percent of People with Each Score
Percentile by Number Answered
Your Score History
You have not taken this quiz